000 00657nam a2200265Ia 4500
005 20260306164532.0
008 008 260114s9999 xx 000 0 eng d
020 _a9780199940158
037 _aEBOOK
040 _aCRL
040 _beng
040 _cCRL
041 _2eng
041 _aeng
084 _qCRL
100 _aRobert B. Kaplan
_91131006
245 4 _aThe Oxford Handbook Of Applied Linguistics, Second Edition
260 _bOxford University Press
260 _c2010
650 _aLinguistics
856 _uhttps://academic.oup.com/edited-volume/28260
942 _cEBOOK
999 _c1714419
_d1714419